| 000 | 00462nam a22001457a 4500 | ||
|---|---|---|---|
| 008 | 230627b |||||||| |||| 00| 0 eng d | ||
| 040 |
_aNational Science Library _cNational Science Library |
||
| 080 |
_a070.44 _bP6 |
||
| 100 | _aKumar, Pankaj | ||
| 245 | _aरिपोर्टिंग समाचार क्या है? | ||
| 246 | _aReporting samachar kya hai? | ||
| 260 |
_aNew Delhi: _bDiamond Book, _c2006 |
||
| 300 | _a151p. | ||
| 942 |
_2udc _cHBK |
||
| 999 |
_c47748 _d47748 |
||